000 00712nam a2200265Ia 4500
005 20260306164510.0
008 008 260114s9999 xx 000 0 eng d
020 _a9780191821752
037 _aEBOOK
040 _aCRL
040 _beng
040 _cCRL
041 _2eng
041 _aeng
084 _qCRL
100 _aGordon L. Clark, Maryann Feldman, Meric S. Gertler, Dariusz Wójcik
_91130898
245 4 _aThe New Oxford Handbook Of Economic Geography
260 _bOxford University Press
260 _c2018
650 _aBusiness Economics & Finance
856 _uhttps://academic.oup.com/edited-volume/34653
942 _cEBOOK
999 _c1714296
_d1714296